Геохимия и формирование содовых вод озера Доронинское (Восточное Забайкалье): автореферат диссертации на соискание ученой степени кандидата геолого-минералогических наук; спец. 25.00.09

Бібліографічні деталі
Автор: Борзенко С. В. Светлана Владимировна
Співавтор: Российская академия наук (РАН) Сибирское отделение (СО) Институт природных ресурсов, экологии и криологии
Інші автори: Замана Л. В. Леонид Васильевич (научный руководитель)
Резюме:Заглавие с титульного экрана
Электронная версия печатной публикации
Мова:Російська
Опубліковано: Томск, 2012
Предмети:
Онлайн доступ:http://www.lib.tpu.ru/fulltext/a/2012/08.pdf
Формат: Електронний ресурс Книга
KOHA link:https://koha.lib.tpu.ru/cgi-bin/koha/opac-detail.pl?biblionumber=210640

MARC

LEADER 00000nlm0a2200000 4500
001 210640
005 20231101225625.0
035 |a (RuTPU)RU\TPU\book\230060 
090 |a 210640 
100 |a 20120229d2012 k y0rusy50 ca 
101 0 |a rus 
102 |a RU 
105 |a a dm 000zy 
135 |a drbn ---uucaa 
181 0 |a i  
182 0 |a b 
200 1 |a Геохимия и формирование содовых вод озера Доронинское (Восточное Забайкалье)  |b Электронный ресурс  |e автореферат диссертации на соискание ученой степени кандидата геолого-минералогических наук  |e спец. 25.00.09   |f С. В. Борзенко   |g Российская академия наук (РАН), Сибирское отделение (СО), Институт природных ресурсов, экологии и криологии ; науч. рук. Л. В. Замана 
203 |a Текст  |c электронный 
210 |a Томск  |d 2012 
215 |a 1 файл (770 Kb) 
230 |a Электронные текстовые данные (1 файл : 770 Kb) 
300 |a Заглавие с титульного экрана 
300 |a Электронная версия печатной публикации 
337 |a Adobe Reader 
452 1 |0 (RuTPU)RU\TPU\book\232381  |t Геохимия и формирование содовых вод озера Доронинское (Восточное Забайкалье)  |o автореферат диссертации на соискание ученой степени кандидата геолого-минералогических наук  |o спец. 25.00.09  |f С. В. Борзенко  |g Российская академия наук (РАН), Сибирское отделение (СО), Институт природных ресурсов, экологии и криологии ; науч. рук. Л. В. Замана  |c Томск  |d 2012  |p 19 с.  |a Борзенко, Светлана Владимировна 
606 1 |a Содовые озера  |x Гидрохимия  |2 stltpush  |3 (RuTPU)RU\TPU\subj\71510  |9 85386 
610 1 |a электронный ресурс 
610 1 |a авторефераты диссертаций 
610 1 |a содовые воды 
610 1 |a происхождение 
610 1 |a геохимия 
610 1 |a исследование 
610 1 |a исследования 
610 1 |a природные условия 
610 1 |a Забайкалье 
610 1 |a озеро Доронинское 
610 1 |a химический состав 
610 1 |a солевое питание 
610 1 |a источники 
610 1 |a микробиологические процессы 
610 1 |a геохимические превращения 
610 1 |a сера 
675 |a 556.551(04)  |v 3 
686 |a 25.00.09   |2 oksvnk 
700 1 |a Борзенко  |b С. В.  |g Светлана Владимировна 
702 1 |a Замана  |b Л. В.  |g Леонид Васильевич  |4 727 
712 0 2 |a Российская академия наук (РАН)  |b Сибирское отделение (СО)  |b Институт природных ресурсов, экологии и криологии  |2 stltpush  |3 (RuTPU)RU\TPU\col\17858 
801 1 |a RU  |b 63413507  |c 20120229 
801 2 |a RU  |b 63413507  |c 20151116  |g RCR 
856 4 |u http://www.lib.tpu.ru/fulltext/a/2012/08.pdf 
942 |c CF